000 00555nmm a2200169Ia 4500
008 251105s9999||||xx |||||||||||||||||und||
020 _a9788484892724
041 _aspa
100 _aFuentes Morán, María Teresa Torres del Rey, Jesús (eds.)
245 0 _aNuestras palabras: entre el léxico y la traducción
264 _a[Madrid, España] :
_bIberoamericana Vervuert,
_c2006
300 _a182 páginas
490 _aLingüística Iberoamericana
650 _aLexicology
856 _uhttps://public.digitaliapublishing.com/a/18329
942 _cCF
999 _c86564
_d86564